Southville International School and Colleges
Your cart is empty.
  • Cart
  • Lists
    Public lists Eva Luna New books Lux_list list_1
    Your lists Log in to create your own lists
  • Log in to your account
  • Your cookies
  • Search history
Southville International School and Colleges
  • Advanced search
  • Recent comments
  • Most popular
  • Libraries

Log in to your account

Log in with GOOGLE


If you do not have an external account, but do have a local account, you can still log in:

  1. Home
  2. MARC view: Diversity and society :
Normal view MARC view ISBD view

Diversity and society : (Record no. 22199)

[ view plain ]
MARC details
000 -LEADER
fixed length control field 01332nam a2200301 a 4500
003 - CONTROL NUMBER IDENTIFIER
control field PILC
005 - DATE AND TIME OF LATEST TRANSACTION
control field 20160223075246.0
008 - FIXED-LENGTH DATA ELEMENTS--GENERAL INFORMATION
fixed length control field 120920s19uu xx 00 eng d
020 ## - INTERNATIONAL STANDARD BOOK NUMBER
International Standard Book Number 9781412940672
050 ## - LIBRARY OF CONGRESS CALL NUMBER
Classification number E 184.A1
Item number .H415 2007
100 ## - MAIN ENTRY--PERSONAL NAME
Personal name Healey, Joseph F.
245 ## - TITLE STATEMENT
Title Diversity and society :
Remainder of title race, ethnicity, and gender /
Statement of responsibility, etc Joseph F. Healey.
250 ## - EDITION STATEMENT
Edition statement 2nd edition.
260 ## - PUBLICATION, DISTRIBUTION, ETC. (IMPRINT)
Place of publication, distribution, etc Thousand Oaks, Calif :
Name of publisher, distributor, etc Pine Forge Press,
Date of publication, distribution, etc 2007.
300 ## - PHYSICAL DESCRIPTION
Extent 362 pages :
Dimensions 24 cm.
Other physical details illustrations ;
500 ## - GENERAL NOTE
General note Includes bibliographical references and index.
520 ## - SUMMARY, ETC.
Summary, etc Uses sociological theory to present and analyze the experiences of American minority groups as well as group relations around the globe. Derived from the Third Edition of "Race, Ethnicity, Gender, and Class", it presents a macro-sociological, historical, comparative approach and de-emphasizes social-psychological concepts such as prejudice.
650 ## - SUBJECT ADDED ENTRY--TOPICAL TERM
Topical term or geographic name as entry element Minorities
General subdivision United States.
650 ## - SUBJECT ADDED ENTRY--TOPICAL TERM
Topical term or geographic name as entry element Ethnicity
General subdivision United States.
650 ## - SUBJECT ADDED ENTRY--TOPICAL TERM
Topical term or geographic name as entry element Racism
General subdivision United States.
650 ## - SUBJECT ADDED ENTRY--TOPICAL TERM
Topical term or geographic name as entry element Group identity
General subdivision United States.
650 ## - SUBJECT ADDED ENTRY--TOPICAL TERM
Topical term or geographic name as entry element Social conflict
General subdivision United States.
650 ## - SUBJECT ADDED ENTRY--TOPICAL TERM
Topical term or geographic name as entry element United States
General subdivision Race relations.
650 ## - SUBJECT ADDED ENTRY--TOPICAL TERM
Topical term or geographic name as entry element United States
General subdivision Ethnic relations.
650 ## - SUBJECT ADDED ENTRY--TOPICAL TERM
Topical term or geographic name as entry element United States
General subdivision Social conditions.
942 ## - ADDED ENTRY ELEMENTS (KOHA)
Koha item type Books
Source of classification or shelving scheme Library of Congress Classification
Call number prefix Foreign
Holdings
Withdrawn status Lost status Source of classification or shelving scheme Damaged status Home library Current library Shelving location Date acquired Source of acquisition Cost, normal purchase price Total Checkouts Full call number Barcode Date last seen Copy number Price effective from Koha item type
    Library of Congress Classification   College Library College Library General Circulation Section 09/20/2012 Library Fund 5928.00   E 184.A1 .H415 2007 C15847 05/15/2018 1 10/10/2013 Books

Diversity and society :

APA

Healey J. F., . (2007). Diversity and society. Thousand Oaks, Calif: Pine Forge Press.

Chicago

Healey Joseph F, . 2007. Diversity and society. Thousand Oaks, Calif: Pine Forge Press.

Harvard

Healey J. F., . (2007). Diversity and society. Thousand Oaks, Calif: Pine Forge Press.

MLA

Healey Joseph F, . Diversity and society. Thousand Oaks, Calif: Pine Forge Press. 2007.

  • Place hold
  • Print
  • Cite
  • Add to your cart (remove)
  • Save record
    BIBTEX Dublin Core MARCXML MARC (non-Unicode/MARC-8) MARC (Unicode/UTF-8) MARC (Unicode/UTF-8, Standard) MODS (XML) RIS
  • More searches
    Search for this title in:
    Other Libraries (WorldCat) Other Databases (Google Scholar) Online Stores (Bookfinder.com) Open Library (openlibrary.org)

Exporting to Dublin Core...

SOUTHVILLE LIBRARY

Southville International School and Colleges Library

1281 Tropical Ave. Cor. Luxembourg St., BF Homes International, Las Pinas City

Tel. No. 8256374 / 252358 Loc. 117/146

Powered by Koha